Statistics for Superstars With More Than One Royal Rumble Win

Click here to take the quiz!

General Stats

  • This quiz has been taken 100 times
    (69 since last reset)
  • The average score is 6 of 7

Answer Stats

Hint Answer % Correct
3"Stone Cold" Steve Austin
92%
2Shawn MIchaels
90%
2Randy Orton
83%
2Triple H
83%
2John Cena
79%
2Hulk Hogan
77%
2Batista
65%

Score Distribution

Percentile by Number Answered

Percent of People with Each Score

Your Score History

You have not taken this quiz since the last reset